Genshin Impact characters - Statistics

General Stats
  • This quiz has been taken 131 times
  • The average score is 41 of 63
Answer Stats
Region | element Character % Correct
Mondstadt | Pyro Amber
86%
Mondstadt | Geo Albedo
82%
Mondstadt | Geo Noelle
82%
Sumeru | Dendro Alhaitham
81%
Mondstadt | Pyro Diluc
81%
Mondstadt | Cryo Kaeya
81%
Mondstadt | Hydro Mona
80%
Sumeru | Dendro Nahida
80%
Mondstadt | Hydro Barbara
79%
Mondstadt | Anemo Jean
78%
Liyue | Geo Zhongli
78%
Mondstadt | Pyro Bennett
77%
Mondstadt | Electro Lisa
77%
Inazuma | Electro Raiden Shogun
77%
Sumeru | Dendro Tighnari
77%
Mondstadt | Cryo Eula
76%
Sumeru | Electro Cyno
74%
Mondstadt | Anemo Venti
74%
Liyue | Electro Beidou
72%
Inazuma | Geo Gorou
72%
Mondstadt | Electro Fischl
71%
Mondstadt | Pyro Klee
71%
Mondstadt | Cryo Diona
70%
??? | Cryo Aloy
69%
Liyue | Cryo Ganyu
69%
Liyue | Electro Keqing
69%
Sumeru | Hydro Nilou
69%
Inazuma | Geo Arataki Itto
68%
Sumeru | Dendro Collei
68%
Liyue | Pyro Hu Tao
68%
Sumeru | Pyro Dehya
67%
Liyue | Pyro Xiangling
67%
Liyue | Cryo Chongyun
66%
Snezhnaya | Hydro Tartaglia
64%
Sumeru | Hydro Candace
62%
Inazuma | Electro Yae Miko
62%
Inazuma | Cryo Kamisato Ayaka
61%
Inazuma | Pyro Thoma
61%
Inazuma | Hydro Kamisato Ayato
60%
Liyue | Geo Ningguang
60%
Liyue | Cryo Qiqi
60%
Mondstadt | Electro Razor
60%
Mondstadt | Anemo Sucrose
60%
Liyue | Anemo Xiao
60%
Sumeru | Electro Dori
58%
Liyue | Cryo Shenhe
58%
Liyue | Geo Yun Jin
58%
Sumeru | Anemo Faruzan
57%
Mondstadt | Cryo Rosaria
57%
Liyue | Pyro Yanfei
56%
Inazuma | Electro Kujou Sara
54%
Liyue | Hydro Xingqiu
53%
Liyue | Pyro Xinyan
53%
Inazuma | Pyro Yoimiya
53%
Mondstadt | Cryo Mika
51%
Inazuma | Anemo Sayu
50%
Inazuma | Anemo Kaedehara Kazuha
48%
Sumeru | Cryo Layla
47%
Liyue | Hydro Yelan
46%
Inazuma | Electro Kuki Shinobu
43%
Inazuma | Hydro Sangonomiya Kokomi
43%
Liyue | Dendro Yaoyao
43%
Inazuma | Anemo Shikanoin Heizou
36%
No matching quizzes found
Score Distribution
Percent of People with Each Score
Percentile by Number Answered
Your Score History
You have not taken this quiz